| 000 | 00647nam a2200241Ia 4500 | ||
|---|---|---|---|
| 003 | OSt | ||
| 005 | 20220928112542.0 | ||
| 006 | a|||||r|||| 00| 0 | ||
| 007 | ta | ||
| 008 | 220927b |||||||| |||| 00| 0 eng d | ||
| 024 | _a40365 | ||
| 037 | _cTextual | ||
| 040 |
_aSDCL _cSDCL _beng |
||
| 041 |
_2eng _aeng |
||
| 082 | _aV2,3'N7, N1 | ||
| 100 |
_aKaul M N _9428697 |
||
| 245 | 0 | _aPractice and procedure of parliament | |
| 260 |
_aNew Delhi _bMetropolitan _c1991 |
||
| 300 |
_aliii,1041p _ccm. |
||
| 700 |
_a Shakdher S L _9421674 |
||
| 942 |
_hV2,3'N7, N1 _cTEXL _2CC |
||
| 999 |
_c745230 _d745230 |
||